Catholic University of Zimbabwe Library
Online Public Access Catalogue
(OPAC)

Things as they are. (Record no. 4164)

MARC details
000 -LEADER
fixed length control field 00500cam a22001817a 4500
001 - CONTROL NUMBER
control field 0000004331
005 - DATE AND TIME OF LATEST TRANSACTION
control field 20170406115736.0
008 - FIXED-LENGTH DATA ELEMENTS--GENERAL INFORMATION
fixed length control field 861121s1768 enk 000 0 eng
010 ## - LIBRARY OF CONGRESS CONTROL NUMBER
LC control number 86881091
035 ## - SYSTEM CONTROL NUMBER
-- (DLC) 86881091
040 ## - CATALOGING SOURCE
Original cataloging agency DLC
Transcribing agency DLC
Modifying agency DLC
050 00 - LIBRARY OF CONGRESS CALL NUMBER
Classification number AC901
Item number .H3 vol. 32, no. 5
245 00 - TITLE STATEMENT
Title Things as they are.
260 ## - PUBLICATION, DISTRIBUTION, ETC.
Place of publication, distribution, etc. London :
Name of publisher, distributor, etc. Printed for W. Bingley ...,
Date of publication, distribution, etc. 1768.
300 ## - PHYSICAL DESCRIPTION
Extent 26 p. ;
Dimensions 23 cm.
510 4# - CITATION/REFERENCES NOTE
Name of source NUC pre-1956,
Location within source NT0156012
908 ## - PUT COMMAND PARAMETER (RLIN)
Put command parameter 140910
Holdings
Withdrawn status Lost status Source of classification or shelving scheme Damaged status Not for loan Home library Current library Shelving location Date acquired Total Checkouts Full call number Barcode Date last seen Copy number Price effective from Koha item type
          CUZ Harare Campus CUZ Harare Campus Open Shelf 06.04.2017   PZ 3.H7845 TH2 BK0005051 22.05.2025 CU5138 06.04.2017 OS Book

OPENING HOURS

Weekdays: 0815hrs - 1800hrs
Weekends:0900hrs - 1200hrs

Closed for Mass:

Mon, Thur: 1200hrs - 1300hrs
Sunday & Public Holiday’s

CALL SUPPORT

0242-570570, 0242-570169
09200664, +263 8644140602

LOCATION

18443, Cranborne Avenue, Hatfield, Harare

Other Links


©2021 | CUZ Library